000
00397nam a22001697a 4500
003
MPLRDC
005
20220104124106.0
008
210129b ||||| |||| 00| 0 eng d
082
_a
868.71 DMH
100
_a
端木虹
245
_a
含笑青山
_c
250
_a
初版
260
_a
_b
马来西亚写作人协会
_c
1982
300
_b
平
650
_a
马华文学
942
_c
BK
_o
868.71 DMH
999
_c
16587
_d
16577